Регионална библиотека "Любен Каравелов" - Русе

Мисията на библиотекаря (Запис номер 190890)

MARC детайли
000 -Лидер
Контролно поле с фиксирана дължина nam a22 a 4500
003 - Код на организацията, давaща контролен номер
Контролно поле BLK
005 - Дата и час на последна редакция
Контролно поле 20230404102521.0
008 - Елементи от данни с фиксирана дължина
fixed length control field 180411b bul|||||r ||||||| ||bul||
010 ## - Наследен системен номер
LC control number KNG00200040000
040 ## - Източник на каталожния запис
Идентификатор на билиотеката - собственик на записа BLK
041 ## - Код за език
Код за езика на текст/звукозапис или на отделно заглавие Български
Код за езика КДБФ Български
080 ## - УДК
Текстов определител УДК Библиотечни кадри. Библиотекари - служебни функции и специалности
УДК код - определител по УДК 023
УДК - код + определител 023
080 ## - УДК
Текстов определител УДК Ръководство и управление на библиотеката
УДК код - определител по УДК 025
УДК - код + определител 025
100 1# - Редна дума - Автор
Автор Ортега-и-Гасет, Хозе
Авторска отговорност първи автор
R(LIN) 345292
139 ## - Редно поле
Редна дума Ортега-и-Гасет, Хозе
Авторски знак Орт - О 74
245 10 - Сведения за заглавието
Заглавие Мисията на библиотекаря
Подзаглавни данни [Реч при откриването на Междунар. конгр. на библиотекарите в Мадрид на 30 май 1935 г.]
Редно поле (дума) Хозе Ортега-и-Гасет; прев. Николай Николаев; * Хосе Ортега-и-Гасет.
257 ## - Страна на издаване
Страна на създаване/издаване Испания
260 ## - Област на издателските данни
Място на издаване, разпространение и проч. София
Име на издателя, разпространителя и проч. Бълг. библиогр. инст.
Година на издаване 1948
Печатница София : Книпеграф
300 ## - Физическа характеристика
Страници 24 с.
Размери/Мащаб 23 см
380 ## - Жанр
Жанр Общ отдел
490 ## - СЕРИИ (Колекции)
Име на серия Поредица Библиографска просвета
№: серия 3
9 (RLIN) 205864
500 ## - Общи забележки
Забележка 1 000 тир.
650 #4 - Допълнително описание по предмет – тема
Основно описание – тема или топоним Библиотекари - конгреси, конференции, съвещания
9 (RLIN) 305310
650 #4 - Допълнително описание по предмет – тема
Основно описание – тема или топоним Библиотеки - роля и значение - конгреси, конференции, съвещания
9 (RLIN) 298170
700 1# - Други автори (авторска отговорност)
Лично име Николаев, Николай
Автороска отговорност (Описва отношението между автора и произведението) прев.
9 (RLIN) 369975
700 1# - Други автори (авторска отговорност)
Лично име Ортега-и-Гасет, Хосе
Автороска отговорност (Описва отношението между автора и произведението) *
9 (RLIN) 365158
852 ## - Местоположение
Форматна сигнатура Цб 172035
Фондова буква Хранилище
856 4# - Електронен адрес и достъп
Електронен формат pdf - файл
Инструкция (цена за достъп) 0.00
Права за достъп disable
856 4# - Електронен адрес и достъп
Електронен формат pdf - файл
Инструкция (цена за достъп) 0.00
Права за достъп disable
999 ## - СИСТЕМНИ КОНТРОЛНИ НОМЕРА
Koha biblionumber 190890
Koha biblioitemnumber 190890
942 ## - АРТИКУЛИ
Вид на библиотечния материал Книги
Скрит в OPAC Не
Периодичен библиозапис Да
944 ## - СЪЗДАВАНЕ И РЕДАКЦИЯ на ЗАПИСА
Създаване/Редакция Създаване
Дата на регистрацията/редакция 07.02.2017
Служител, извършил регистрацията/редакцията Кети_Илиева
944 ## - СЪЗДАВАНЕ И РЕДАКЦИЯ на ЗАПИСА
Създаване/Редакция Редакция
Дата на регистрацията/редакция 07.02.2017
Служител, извършил регистрацията/редакцията Кети_Илиева
999 ## - СИСТЕМНИ КОНТРОЛНИ НОМЕРА
Koha biblioitemnumber 190890
Наличности
Код за отписване Код за изгубен артикул Източник на класификационната схема Код за повреда Коз за рестрикции Код за отдаване Артикулен № Име на библиотеката - собственик Име на библиотеката, в която се намира в момента Статус (Текущо местоположение) Дата на вписване в системата Местоположение - отдел Цена в лева Инвентарен номер Систематично азбучна сигнатура Баркод Номер на екземпляра Цена в евро Служебна бележка Служебен тип на артикула
Изтеглен Не е изгубен Universal Decimal Classification Не е повреден без рестрикции ползва се в читалня 335592 Регионална библиотека "Любен Каравелов" Русе Регионална библиотека "Любен Каравелов" Русе Хранилище 1948-01-01 Основен фонд - ползва се само за читалня 0.00 573666 Цб 172035 573666 1 0.00 Вид: Сф Дата: 01.01.1948 Книги
  Не е изгубен Universal Decimal Classification Не е повреден без рестрикции ползва се в читалня 335593 Регионална библиотека "Любен Каравелов" Русе Регионална библиотека "Любен Каравелов" Русе Хранилище 1948-01-01 Основен фонд - ползва се само за читалня 1.20 573667 Цб 172035 120000573667 2 0.61 Вид: Сф Дата: 01.01.1948 Книги
Vip Innovations Ltd, Rousse, Bulgaria 2025